Favourite fairy tales (Record no. 550089)

000 -LEADER
fixed length control field 00337cam a2200133Ka 4500
020 ## - INTERNATIONAL STANDARD BOOK NUMBER
International Standard Book Number 8174901523
082 ## - DEWEY DECIMAL CLASSIFICATION NUMBER
Classification number 808.831
Author Mark DHI
-- L-01, P-47
245 00 - TITLE STATEMENT
Title Favourite fairy tales
260 ## - PUBLICATION, DISTRIBUTION, ETC.
Place of publication, distribution, etc. India
Name of publisher, distributor, etc. Dhingra
300 ## - PHYSICAL DESCRIPTION
Extent 95 p.
Other physical details ill.
Dimensions 28 cm
526 ## - STUDY PROGRAM INFORMATION NOTE
Program name 0
Interest level 0
Reading level 0
Title point value 808_831000000000000_DHI
650 #0 - SUBJECT ADDED ENTRY--TOPICAL TERM
Topical term or geographic name entry element Fairy tales.
9 (RLIN) 7693
942 ## - ADDED ENTRY ELEMENTS (KOHA)
Source of classification or shelving scheme
Koha item type Book
Holdings
Withdrawn status Lost status Source of classification or shelving scheme Damaged status Not for loan Permanent Location Current Location Date acquired Total Checkouts Full call number Barcode Date last seen Price effective from Koha item type
          Military College of Engineering (MCE) Military College of Engineering (MCE) 10/24/2014   808.831 DHI MCE-44626 10/24/2014 10/24/2014 Book
© 2023 Central Library, National University of Sciences and Technology. All Rights Reserved.